Normal view
MARC view
Entry Personal Name
001 - CONTROL NUMBER
- control field: 15018
003 - CONTROL NUMBER IDENTIFIER
- control field: ARRUPE
005 - DATE AND TIME OF LATEST TRANSACTION
- control field: 20150210125759.0
008 - FIXED-LENGTH DATA ELEMENTS
- fixed length control field: 150210|| aca||aabn | a|a d
040 ## - CATALOGING SOURCE
- Original cataloging agency: ARRUPE
- Transcribing agency: ARRUPE
100 ## - HEADING--PERSONAL NAME
- Personal name: Kelly, J. N. D.
- Fuller form of name: (John Norman Davidson)
670 ## - SOURCE DATA FOUND
- Source citation: Work cat.: (ARRUPE)0: Kelly, J. N. D. (John Norman Davidson), The Pastoral Epistles /, [2009]